Statistics for Countries that claim land in Antarctica

Click here to take the quiz!

General Stats

  • This quiz has been taken 26 times
  • The average score is 11 of 12

Answer Stats

Answer% Correct
Argentina
100%
Australia
100%
Chile
100%
France
100%
United States of America
100%
New Zealand
96%
Russia
96%
South Africa
96%
United Kingdom
96%
Japan
88%
Norway
79%
Belgium
58%

Score Distribution

Percentile by Number Answered

Percent of People with Each Score

Your Score History

You have not taken this quiz